Missing Word: Ewan McGregor Quiz Stats

 Plays Quiz Updated Feb 8, 2012

Challenge
Share
Tweet
Embed
Score 0/16 Timer 02:00
6 Plays Today
Ewan McGregor Movie Missing Word % Correct
______ & DemonsAngels
95.6%
Moulin _____Rouge
93.1%
_____ Hawk DownBlack
92.5%
Star Wars I: The Phantom ______ Menace
87.8%
The Men Who _____ at GoatsStare
86.1%
Star Wars III: _______ of the SithRevenge
83.8%
_____ McPhee ReturnsNanny
80.8%
Star Wars II: Attack of the ______Clones
78%
Ewan McGregor Movie Missing Word % Correct
___ FishBig
61.3%
I Love You, Phillip ______Morris
51.3%
A Life ____ OrdinaryLess
46.8%
The _____ WriterGhost
40.4%
Salmon _______ in the YemenFishing
33.8%
____ with LoveDown
19.3%
Eye of the ________Beholder
19%
Miss ______Potter
7.2%

Today's Daily Dose

You're not logged in!

Compare scores with friends on all Sporcle quizzes.
OR
Log In

You Might Also Like...

Show Comments

Extras

Top Quizzes Today


Score Distribution

Your Account Isn't Verified!

In order to create a playlist on Sporcle, you need to verify the email address you used during registration. Go to your Sporcle Settings to finish the process.

Report this User

Report this user for behavior that violates our Community Guidelines.

Details: